The 5-minute pediatric consult / (Record no. 748)

000 -LEADER
fixed length control field 01613nam a22004337a 4500
001 - CONTROL NUMBER
control field 15109716
003 - CONTROL NUMBER IDENTIFIER
control field OSt
005 - DATE AND TIME OF LATEST TRANSACTION
control field 20210422051013.0
008 - FIXED-LENGTH DATA ELEMENTS--GENERAL INFORMATION
fixed length control field 071207s2008 paua bf 001 0 eng
010 ## - LIBRARY OF CONGRESS CONTROL NUMBER
LC control number 2007050334
016 7# - NATIONAL BIBLIOGRAPHIC AGENCY CONTROL NUMBER
Record control number 101322994
Source DNLM
020 ## - INTERNATIONAL STANDARD BOOK NUMBER
International Standard Book Number 9780781775779
020 ## - INTERNATIONAL STANDARD BOOK NUMBER
International Standard Book Number 0781775779
035 ## - SYSTEM CONTROL NUMBER
System control number (OCoLC)ocn183831200
040 ## - CATALOGING SOURCE
Original cataloging agency DNLM/DLC
Transcribing agency DLC
Modifying agency NLM
-- BAKER
-- YDXCP
-- C#P
-- BTCTA
-- VP@
-- DLC
041 ## - LANGUAGE CODE
Language code of text/sound track or separate title eng
042 ## - AUTHENTICATION CODE
Authentication code pcc
050 00 - LIBRARY OF CONGRESS CALL NUMBER
Classification number RJ48
Item number .A15 2008
060 00 - NATIONAL LIBRARY OF MEDICINE CALL NUMBER
Classification number 2008 E-937
060 10 - NATIONAL LIBRARY OF MEDICINE CALL NUMBER
Classification number WS 39
Item number Z99 2008
080 ## - UNIVERSAL DECIMAL CLASSIFICATION NUMBER
Universal Decimal Classification number 616-053.2
Item number S-39
082 00 - DEWEY DECIMAL CLASSIFICATION NUMBER
Classification number 618.92
Edition number 22
245 04 - TITLE STATEMENT
Title The 5-minute pediatric consult /
Statement of responsibility, etc. editor, M. William Schwartz.
Remainder of title / by: Wolters Kluwer Health/Lippincott Williams & Wilkins,
246 3# - VARYING FORM OF TITLE
Title proper/short title Five-minute pediatric consult
250 ## - EDITION STATEMENT
Edition statement 5th edition
260 ## - PUBLICATION, DISTRIBUTION, ETC.
Place of publication, distribution, etc. Philadelphia :
Name of publisher, distributor, etc. Wolters Kluwer Health/Lippincott Williams & Wilkins,
Date of publication, distribution, etc. c2008.
300 ## - PHYSICAL DESCRIPTION
Extent xxvii, 1082 p. :
Other physical details ill. ;
Dimensions 29 cm.
440 #0 - SERIES STATEMENT/ADDED ENTRY--TITLE
Title 5-minute consult
504 ## - BIBLIOGRAPHY, ETC. NOTE
Bibliography, etc. note Includes bibliographical references and index.
650 #0 - SUBJECT ADDED ENTRY--TOPICAL TERM
Topical term or geographic name entry element Pediatrics
Form subdivision Handbooks, manuals, etc.
650 12 - SUBJECT ADDED ENTRY--TOPICAL TERM
Topical term or geographic name entry element Pediatrics
Form subdivision Handbooks.
653 ## - INDEX TERM--UNCONTROLLED
Uncontrolled term პედიატრია
700 1# - ADDED ENTRY--PERSONAL NAME
Personal name Schwartz, M. William,
Dates associated with a name 1935-
856 42 - ELECTRONIC LOCATION AND ACCESS
Materials specified Publisher description
Uniform Resource Identifier <a href="http://www.loc.gov/catdir/enhancements/fy0807/2007050334-d.html">http://www.loc.gov/catdir/enhancements/fy0807/2007050334-d.html</a>
856 41 - ELECTRONIC LOCATION AND ACCESS
Materials specified Table of contents only
Uniform Resource Identifier <a href="http://www.loc.gov/catdir/enhancements/fy0828/2007050334-t.html">http://www.loc.gov/catdir/enhancements/fy0828/2007050334-t.html</a>
906 ## - LOCAL DATA ELEMENT F, LDF (RLIN)
a 7
b cbc
c orignew
d 1
e ecip
f 20
g y-gencatlg
942 ## - ADDED ENTRY ELEMENTS (KOHA)
Source of classification or shelving scheme
Koha item type Books
Edition 5
Holdings
Withdrawn status Lost status Source of classification or shelving scheme Damaged status Not for loan Permanent location Current location Date acquired Inventory number Total Checkouts Full call number Barcode Date last seen Price effective from Koha item type
          Ken Walker International University Ken Walker International University 12/21/2020 2142   616-053.2 S-39 2142 12/21/2020 12/21/2020 Books

Powered by Koha